000
00199 a2200085 4500
082
_a
307.1412 COR
100
_a
Cord, Louise
245
_a
Rural Poverty
_c
Louise Cord
300
_a
65-485p. :
_b
ill. ;
_c
30 cm
650
_a
Rural Poverty
999
_c
2054
_d
2054